The Foods that Make Billions (Record no. 333312)
[ view plain ]
| 000 -LEADER | |
|---|---|
| fixed length control field | 00512nam a2200097Ia 4500 |
| 008 - FIXED-LENGTH DATA ELEMENTS--GENERAL INFORMATION | |
| fixed length control field | 170517s9999 xx 000 0 und d |
| 245 #4 - TITLE STATEMENT | |
| Title | The Foods that Make Billions |
| 300 ## - PHYSICAL DESCRIPTION | |
| Extent | The Foods that Make Billions is a series looking at how big business feeds us. Starting with a look at the bottled water industry, moving through cereals and finally looking at yoghurt, these three episodes explore the history of... |
| 650 ## - SUBJECT ADDED ENTRY--TOPICAL TERM | |
| General subdivision | Business and Economics. |
| 856 ## - ELECTRONIC LOCATION AND ACCESS | |
| Uniform Resource Identifier | <a href="http://topdocumentaryfilms.com/foods-make-billions/">http://topdocumentaryfilms.com/foods-make-billions/</a> |
| Withdrawn status | Lost status | Damaged status | Home library | Current library | Date acquired | Total Checkouts | Date last seen | Price effective from | Koha item type |
|---|---|---|---|---|---|---|---|---|---|
| College Library | College Library | 05/17/2017 | 05/17/2017 | 05/17/2017 | Documentary Films |